000
00308nam a2200121Ia 4500
008
240624s9999 xx 000 0 und d
041
_a
eng
082
_a
338.9 BER
100
_a
BERG VAN DEN
245
_a
INTERNATIONAL TRADE AND ECONOMIC GROWTH
260
_c
2009
_a
New Delhi
_b
PHI Learning
365
_c
RS
_b
35
999
_c
14059
_d
14059